Statistics for Countries With The Lowest Wealth Inequality

Click here to take the quiz!

General Stats

  • This quiz has been taken 37 times
  • The average score is 30 of 50

Answer Stats

IndexCountry% Correct
27.3Finland
93%
27.8Norway
93%
30.0Sweden
93%
32.9Japan
90%
30.8Austria
86%
28.2Belgium
86%
28.1Denmark
86%
31.9Germany
86%
27.2Netherlands
86%
26.1Iceland
83%
31.4Ireland
83%
31.4South Korea
83%
32.9Greece
79%
24.6Slovenia
79%
33.1Switzerland
79%
33.2Canada
76%
25.0Czech Republic
76%
30.3Estonia
76%
32.4France
72%
30.2Poland
72%
29.7Croatia
66%
33.2Albania
62%
25.7Moldova
62%
25.3Belarus
59%
33.0Bosnia and Herzegovina
59%
32.7Cyprus
59%
28.7Malta
59%
26.7Ukraine
59%
29.6Hungary
55%
33.0North Macedonia
55%
31.8Lebanon
52%
29.5Iraq
48%
26.0United Arab Emirates
48%
27.6Algeria
45%
31.5Egypt
45%
32.7Mongolia
45%
29.9Armenia
38%
26.3Azerbaijan
38%
27.6Kazakhstan
38%
32.8Tunisia
38%
29.7Kyrgyzstan
34%
32.8Nepal
34%
31.3Maldives
31%
28.5East Timor
28%
33.0Mali
28%
31.6Pakistan
28%
32.4Bangladesh
24%
32.6Mauritania
24%
32.1Seychelles
24%
30.7Myanmar
21%

Score Distribution

Percentile by Number Answered

Percent of People with Each Score

Your Score History

You have not taken this quiz